Statistics for WW2 Famous People

Click here to take the quiz!

General Stats

  • This quiz has been taken 127 times
  • The average score is 14 of 20

Answer Stats

Answer% Correct
Adolf Hitler
98%
Joseph Stalin
98%
Winston Churchill
96%
Benito Mussolini
92%
Franklin D. Roosevelt
91%
Emperor Hirohito
88%
Harry S. Truman
86%
Dwight D. Eisenhower
82%
Mao Zedong
81%
Erwin Rommel
79%
Heinrich Himmler
74%
Hermann Goring
64%
Joseph Goebbels
63%
Bernard Montgomery
62%
Hideki Tojo
51%
Georgy Zhukov
50%
Charles de Gaulle
49%
Chiang Kai-Shek
31%
Erich von Manstein
21%
Heinz Guderian
18%

Score Distribution

Percentile by Number Answered

Percent of People with Each Score

Your Score History

You have not taken this quiz